| 000 -LEADER |
| fixed length control field |
00541nam a2200157Ia 4500 |
| 008 - FIXED-LENGTH DATA ELEMENTS--GENERAL INFORMATION |
| fixed length control field |
190805s9999||||xx |||||||||||||| ||und|| |
| 020 ## - INTERNATIONAL STANDARD BOOK NUMBER |
| International Standard Book Number |
9780953437931 |
| Terms of availability |
£ 21.00 |
| 082 04 - DEWEY DECIMAL CLASSIFICATION NUMBER |
| Classification number |
623.8171 |
| Item number |
R3466 |
| 100 1# - MAIN ENTRY--PERSONAL NAME |
| Personal name |
Rhodes, Martin A. |
| 245 10 - TITLE STATEMENT |
| Title |
Ship stability for Mates/ Masters / |
| 260 ## - PUBLICATION, DISTRIBUTION, ETC. (IMPRINT) |
| Place of publication, distribution, etc |
Scotland : |
| Name of publisher, distributor, etc |
Witherby Seamanship International Ltd, |
| Date of publication, distribution, etc |
2012, reprinted 2015 |
| 300 ## - PHYSICAL DESCRIPTION |
| Extent |
xvi, 557 p. |
| Other physical details |
: col. Ill. |
| Dimensions |
; 24 cm. |
| 650 #0 - SUBJECT ADDED ENTRY--TOPICAL TERM |
| Topical term or geographic name as entry element |
Stability of ships |
| General subdivision |
Examinations |
| Form subdivision |
Study guides. |
| 852 ## - LOCATION/CALL NUMBER |
| Location |
|
| 942 ## - ADDED ENTRY ELEMENTS (KOHA) |
| Item type |
Books |